| 000 | 01416nam a22002897a 4500 | ||
|---|---|---|---|
| 003 | dpl | ||
| 005 | 20180824123501.0 | ||
| 008 | 180824b xxu||||| |||| 00| 0 eng d | ||
| 010 | _aB-175566 | ||
| 020 |
_c100.00 _a8126021527 |
||
| 035 | _aB-175566, B-175570 | ||
| 037 | _bCen Lib/Ret | ||
| 040 |
_aDPL _bHN _c0 |
||
| 082 |
_aक _bप्रभात |
||
| 245 |
_aप्रभातकुमार मुख़र्जी की कहानियाँ / _cसंपादक ताराशंकर वंद्योपाध्याय; अनुवादक मदनलाल जैन |
||
| 246 |
_aPrabhat Kumar ki kahaniyan / _bsampadak Tarashankar Bandhyopadhyay; anuvadak Madanlal Jain |
||
| 260 |
_aनयी दिल्ली _bसाहित्य अकादेमी _c1966 |
||
| 270 |
_bनयी दिल्ली _e110001 _aरवीन्द्र भवन, 35, फिरोज़शाह मार्ग |
||
| 300 |
_a208पृ. _c17सेमी(सजिल्द) |
||
| 650 |
_aहिन्दी साहित्य _969574 |
||
| 650 |
_aहिन्दी -- कहानियाँ _969575 |
||
| 650 |
_aHindi literature _969576 |
||
| 650 |
_aHindi -- Stories _969577 |
||
| 700 |
_aवंद्योपाध्याय, ताराशंकर _969578 |
||
| 700 |
_aजैन, मदनलाल _969579 |
||
| 942 |
_2ddc _cHN _hक _mप्रभात |
||
| 999 |
_c117017 _d117017 |
||